000 01577cam a22003974i 4500
003 PE-LiUPU
005 20250731183446.0
008 150616s1995 ag a rb 001 0 eng d
020 _a0520203070
035 _a(Sirsi) i9780520203075
040 _aPE-LiUPU
_bspa
_cPE-LiUPU
_erda
049 _aPRUA
082 0 4 _a709.01
_bC72
_221
100 1 _aCollon, Dominique,
_eautor.
245 1 0 _aAncient Near Eastern Art /
_cDominique Collon.
264 1 _aLos Angeles, CA. :
_bUniversity of California Press,
_c1995.
300 _a247 páginas :
_bilustraciones ;
_c25 centímetros
336 _atext
_2rdacontent
337 _aunmediated
_2rdamedia
338 _avolume
_2rdacarrier
504 _aIncluye referencias bibliográficas (páginas 239) y el índice.
505 0 _aFrom village to town -- Temple, cementery and palace -- Trade and diplomacy -- Great empires -- Parthians and sasanians beyond the Euphrates -- Survival and revival.
526 _aP158
526 _aP146
526 _aP17
526 _aP12
526 _aP06
650 1 4 _aArte Antiguo
_zMedio Oriente.
910 _ajck
_bjvq
_cjck
942 _2ddc
_cBOOK
949 _a709.01 C72
_wDEWEY
_c1
_i43316
_lCCODEBUL1
_mBUL
_r0
_sY
_tBOOK
_u2015-6-16
_xTEOLOGIA
_zUNKNOWN
_0COMPRA
_o.STAFF. Colección Teología
994 _aC0
_bPEPRU
596 _a1
999 _a709.01 C72
_wDEWEY
_c61285
_i43316
_f2021-11-11
_g5
_lCCODEBUL1
_mBUL
_p10.00
_r0
_sY
_tBOOK
_u2015-6-16
_xTEOLOGIA
_PP35
_0COMPRA
_o.STAFF. Colección Teología
_d61285
980 _81
_gALBERTO SANCHEZ Responsable de Automatización